000 00938nam0a2200313 4500
001 RU\NLR\bibl\298560
005 20260406153644.0
021 _aRU
_b2002-18488
_9929
035 _a(NLR Aleph) 000293858
090 _a1720976
_c1720977
100 _a20020812d2001 |||y0rusy50 ca
101 0 _arus
102 _aRU
105 _ay |||||||||
200 1 _aПоследнее кольцо. 2000
_eСтихи
_fЮрий Чичев
210 _aМ.
_cБ. и.
_d2001
215 _a32 с.
_d21
675 _a821.161.1-1Чичев
_v3
_zrus
686 _a17.82
_2rugasnti
686 _a84(2Рос-Рус)6-5
_2rubbk
686 _aШ6(2=Р)75-5
700 1 _4070
_7ca
_8rus
_aЧичев
_bЮ. И.
_f1938-
_gЮрий Иванович
_9116445
_3RU\NLR\auth\776491
801 0 _aRU
_bRKP
_c20020812
_gPSBO
801 1 _aRU
_bRKP
_c20020812
801 2 _aRU
_bNLR
_c20091223
_grcr
942 _cBOOK
980 _aNB